Salud Mental y Trabajo /

में बचाया:
ग्रंथसूची विवरण
मुख्य लेखक: Henao Hernández, Samuel
स्वरूप: मूलपाठ
विषय:
टैग: टैग जोड़ें
कोई टैग नहीं, इस रिकॉर्ड को टैग करने वाले पहले व्यक्ति बनें!

MARC

LEADER 00000 a a2200000 04500
001 47623
003
040
090 |a REV0857 8 (23) 1982  
100 |a Henao Hernández, Samuel  
245 |a Salud Mental y Trabajo /  |c Samuel Henao Hernández  
650 |a SALUD MENTAL  
650 |a TRABAJO  
650 |a SEGURIDAD EN EL TRABAJO  
650 |a CONDICIONES DE TRABAJO  
773 |g volumen8, número23, setiembre-diciembre (1982)  
999 |c 26864  |d 26864